| 000 | 01134nam2a22002291 4500 | ||
|---|---|---|---|
| 001 | rc\563333 | ||
| 005 | 20250621164805.0 | ||
| 035 | _a(NLR Aleph) 005813829 | ||
| 090 |
_a5411012 _c5411012 |
||
| 100 | _a20030616d1988 |||y0rusy50 ca | ||
| 101 | 0 | _arus | |
| 102 | _aRU | ||
| 105 | _ay ||||||||| | ||
| 200 | 0 | _a... осеннего семестра 1987-1988 уч. года | |
| 210 |
_d1988 _aБ. м. |
||
| 215 | _a[3], 36 с. | ||
| 461 | 0 |
_1001rc\563332 _12001#$aИтоги...$e(Стат. материал)$fМ-во высш. и сред. спец. образования СССР... Учеб.-метод. упр.$v... осеннего семестра 1987-1988 уч. года _95411005 _aМосковский институт нефти и газа им. И. М. Губкина _cМ. _d1988 _fМ-во высш. и сред. спец. образования СССР... Учеб.-метод. упр. _nМИНГ _o(Стат. материал) _tИтоги... _v... осеннего семестра 1987-1988 уч. года |
|
| 801 | 0 |
_aRU _bNLR _gpsbo |
|
| 801 | 1 |
_aRU _bELAR _2rusmarc |
|
| 852 |
_aNLR _j83-4/9275 |
||
| 942 | _cBOOK | ||
| 980 | _aNB | ||